Doğu Anadolu hakkında / (Kayıt no. 10207)

MARC ayrıntıları
000 -LEADER
fixed length control field 00964nam a22002417a 4500
003 - CONTROL NUMBER IDENTIFIER
control field KOHA_MİRAKIL
005 - DATE AND TIME OF LATEST TRANSACTION
control field 20260414072225.0
008 - FIXED-LENGTH DATA ELEMENTS--GENERAL INFORMATION
fixed length control field 260414b tu ||||| |||| 00| 0 tur d
040 ## - CATALOGING SOURCE
Original cataloging agency TR-AnABB
Language of cataloging tur
Transcribing agency TR-AnABB
041 ## - LANGUAGE CODE
Language code of text/sound track or separate title tur
082 ## - DEWEY DECIMAL CLASSIFICATION NUMBER
Classification number 306.09561
Item number ERO
100 1# - MAIN ENTRY--PERSONAL NAME
Personal name Eroz, Mehmet
9 (RLIN) 1476
245 10 - TITLE STATEMENT
Title Doğu Anadolu hakkında /
Statement of responsibility, etc. Mehmet Eröz
260 ## - PUBLICATION, DISTRIBUTION, ETC.
Place of publication, distribution, etc. Ankara :
Name of publisher, distributor, etc. [yayl. y.] ,
Date of publication, distribution, etc. [t.y.]
300 ## - PHYSICAL DESCRIPTION
Extent 67 sayfa ;
Dimensions 18 cm
500 ## - GENERAL NOTE
General note Prof. Dr. Ruşen Keleş tarafından kitap içerisinde satır altı çizimleri ve vurgular mevcuttur.
505 ## - FORMATTED CONTENTS NOTE
Formatted contents note İçindekiler: Doğu Anadolu Halkı - Karakeçililer - Karakeçililer'de Maddi Kültür - Ziya Gökalp'ın Karakeçililer Hakkında Fikirleri - Güneydoğu Zazaları - Kürtçe diye bir dil yoktur
650 04 - SUBJECT ADDED ENTRY--TOPICAL TERM
Topical term or geographic name entry element Sosyal yaşam ve gelenekler, Türkiye
9 (RLIN) 3385
650 04 - SUBJECT ADDED ENTRY--TOPICAL TERM
Topical term or geographic name entry element Sosyal yaşam ve gelenekler
9 (RLIN) 3386
650 04 - SUBJECT ADDED ENTRY--TOPICAL TERM
Topical term or geographic name entry element Etnoloji
9 (RLIN) 3387
900 ## - EQUIVALENCE OR CROSS-REFERENCE-PERSONAL NAME [LOCAL, CANADA]
Numeration Can ÇELIK
942 ## - ADDED ENTRY ELEMENTS (KOHA)
Source of classification or shelving scheme Dewey Decimal Classification
Koha item type Kitap
Mevcut
Withdrawn status Lost status Source of classification or shelving scheme Damaged status Not for loan Home library Current library Date acquired Total checkouts Full call number Barcode Date last seen Price effective from Koha item type
    Dewey Decimal Classification     Prof. Dr. Ruşen Keleş Kütüphanesi Prof. Dr. Ruşen Keleş Kütüphanesi 14/04/2026   306.09561 ERO RK7054 14/04/2026 14/04/2026 Kitap